| 000 -LEADER |
| fixed length control field |
00921cam a2200253 a 4500 |
| 005 - DATE AND TIME OF LATEST TRANSACTION |
| control field |
20131031055455.0 |
| 008 - FIXED-LENGTH DATA ELEMENTS--GENERAL INFORMATION |
| fixed length control field |
970819s1998 wiu b s001 0 eng |
| 020 ## - INTERNATIONAL STANDARD BOOK NUMBER |
| International Standard Book Number |
0299158101 |
| 020 ## - INTERNATIONAL STANDARD BOOK NUMBER |
| International Standard Book Number |
0299158144 |
| 080 ## - UNIVERSAL DECIMAL CLASSIFICATION NUMBER |
| Universal Decimal Classification number |
330 |
| 100 1# - Rafti |
| Rafti |
McCloskey, Deirdre N. |
| 245 14 - TITLE STATEMENT |
| Title |
The rhetoric of economics / |
| Statement of responsibility, etc |
Deirdre N. McCloskey. |
| 250 ## - |
| -- |
2nd ed. |
| 260 ## - |
| -- |
Madison, Wis. : |
| -- |
University of Wisconsin Press, |
| -- |
c1998. |
| 300 ## - |
| -- |
xxi, 223 p. ; |
| -- |
24 cm. |
| 440 #0 - |
| -- |
Rhetoric of the human sciences |
| 500 ## - |
| -- |
Preface to the second edition : f. XI-XIV |
| 504 ## - BIBLIOGRAPHY, ETC. NOTE |
| Bibliography, etc |
Includes bibliographical references (p. 195-217) and index. |
| 650 #0 - |
| -- |
Ekonomia |
| 650 #0 - |
| -- |
Retorika |
| 856 42 - |
| -- |
Contributor biographical information |
| -- |
http://www.loc.gov/catdir/enhancements/fy0666/97037740-b.html |
| 856 42 - |
| -- |
Publisher description |
| -- |
http://www.loc.gov/catdir/enhancements/fy0666/97037740-d.html |
| 942 ## - ADDED ENTRY ELEMENTS (KOHA) |
| Source of classification or shelving scheme |
|
| Item type |
Books |